Datum a čas kvízu
38.5
Celkem bodů
Celkový počet nahraných bodů na tomto kvízu bez doplňovacích otázek.
4.
Pořadí na kvízu
Konečné umístění týmu na tomto kvízu.
Zaznamenané odpovědi
| # | Otázka | Odpověď | Body | Výsledky |
|---|---|---|---|---|
| 1. | Minulý týden se stalo hitem so... | (Ford) Mustang, žlutá barva | 1 | |
| 2. | Městská rada v anglickém Cambr... | princ Philip | 0 | |
| 3. | Minulý týden byly rozdány ceny... | David Koller, Pam Rabbit | 1 | |
| 4. | Minulý týden si žena na severu... | s bambulí (od čepice) | 1 | |
| 5. | Český snowboardista Radek Hous... | obarvit se na blond | 1 | |
| 6. | Věříme, že ovládáte velkou pal... | Řecko | 1 | |
| 7. | Kterou měnou se platí na ostro... | dánskou korunou | 1 | |
| 8. | Vyberte zemi, jejíž zkratka ná... | A | 0 | |
| 9. | V Evropské unii žije momentáln... | 1D 2B 3C 4A | 1 | |
| 10. | Caerdydd je alternativní název... | Cardiff | 1 |